000 nam a22 a 4500
999 _c188313
_d188313
003 BLK
005 20221211181505.0
008 180411b bul|||||r ||||||| ||bul||
010 _aKNG00197331000
040 _aBLK
041 _aBUL
_cBUL
080 _aТурска литература
_b821.512.161
_x-1
_z821.512.161-1
139 _aТурска поезия ХX век
_bТ 93
245 1 0 _aТурска поезия ХX век
_bСборник
_cсъстав. Хасан Хюсеинов Карахюсеинов; състав. Парашкев Симеонов Парушев; с предг. от Божидар Борисов Божилов; прев. от тур. Карамамед
257 _aTUR
260 _aСофия
_bНар. култура
_c1981
300 _a551 с.
_c21 см
380 _aX
490 _aСерия Европейска поезия
_9208613
500 _aДруги прев. : С. Владимиров, Г. Чешмеджиева, Г. Ленков, Л. Любенов, Ст. Първанова, К. Кадийски, Н. Ферхадов, Б. Димитров, Н. Цонев, М. Берберов, Х. Карахюсеинов, П. Парушев, К. Севов, Т. Расиев, С. Байрамов, С. Етърски, Ив. Коларов, П. Стефанов, Кр. Станишев, Г. Мицков. - Пълното име на прев. С. Владимиров е Симеон Владимиров Георгиев, на Б. Димитров - Благой Димитров Петров, а на П. Стефанов - Първан Стефанов Рангелов. - И. Коларов - псевд. на прев. Иван Стоянов Иванов, Л. Любенов - псевд. на прев. Любен Георгиев Прангов. - 3 125 тир. - Съдържа и кратки биогр. бел. за включените в сб. авт.
700 1 _aКарахюсеинов, Хасан Хюсеинов
_eсъстав.
_9344552
700 1 _aПарушев, Парашкев Симеонов
_eсъстав.
_9384596
700 1 _aБожилов, Божидар Борисов
_eс предг. от
_9377974
700 1 _aКарамамед
_eпрев. от тур.
_976710
852 _aЦб 107453
_bЦб
856 4 _qpdf
_i0.00
_ldisable
942 _cKNG
_n0
_02
_s1
944 _aCR
_c02.12.2016
_kСевдалина_Василева
944 _aED
_c02.12.2016
_kСевдалина_Василева